Ca dao Việt Nam Những lời bình

Gồm các bài viết nhận xét, đánh giá và phê bình về ca dao Việt Nam của các nhà nghiên cứu, nhà văn, nhà thơ như: Mã Giang Lân, Vũ Tú Nam, Vũ Ngọc Phan..

Zapisane w:
Opis bibliograficzny
1. autor: Mã Giang Lân
Kolejni autorzy: Vũ Tú Nam (Tác giả), Cao Huy Đỉnh (Tác giả), Nguyễn Xuân Kính (Tác giả), Minh Hiệu (Tác giả), Vũ Ngọc Phan (Tác giả)
Format: Książka
Język:Vietnamese
Wydane: H. Văn hoá Thông tin 2000
Seria:Tủ sách Kiến thức phổ thông
Hasła przedmiotowe:
Etykiety: Dodaj etykietę
Nie ma etykietki, Dołącz pierwszą etykiete!
Thư viện lưu trữ: Mạng thư viện Đại học Đà Nẵng
LEADER 01374nam a22004098a 4500
001 000004485
003 624
005 20110721080714.0
008 110721s2000 b 000 0 od
020 |c 37000đ  |d 1000b 
041 0 |a 0004 
041 0 |a vie 
080 |a KV5 
084 |a V3(1)-63  |b C100D 
100 1 |a Mã Giang Lân 
245 1 0 |a Ca dao Việt Nam  |b Những lời bình  |c Mã Giang Lân, Vũ Tú Nam, Vũ Ngọc Phan... ; Vũ Thị Thu Hương tuyển chọn và b.s 
260 |a H.  |b Văn hoá Thông tin  |c 2000 
300 |a 427tr  |c 19cm 
490 |a Tủ sách Kiến thức phổ thông 
520 |a Gồm các bài viết nhận xét, đánh giá và phê bình về ca dao Việt Nam của các nhà nghiên cứu, nhà văn, nhà thơ như: Mã Giang Lân, Vũ Tú Nam, Vũ Ngọc Phan.. 
653 |a Nghiên cứu văn học 
653 |a Văn học dân gian 
653 |a Việt Nam 
653 |a Dân ca 
700 1 |a Vũ Tú Nam  |e Tác giả 
700 1 |a Cao Huy Đỉnh  |e Tác giả 
700 1 |a Nguyễn Xuân Kính  |e Tác giả 
700 1 |a Minh Hiệu  |e Tác giả 
700 1 |a Vũ Ngọc Phan  |e Tác giả 
OWN |a LSP 
999 |a From the UDN01 
TYP |a Monograph 
TYP |a Printed language 
980 |a Mạng thư viện Đại học Đà Nẵng